Guess the Billie Eilish song (no hints) #1 - Statistics

General Stats
  • This quiz has been taken 1,543 times
  • The average score is 174 of 327
Answer Stats
Hint Answer % Correct
I
99%
you
95%
You
95%
a
94%
the
86%
The
86%
be
82%
me
82%
me)
82%
when
80%
Lyrics Don't
79%
don't
79%
to
77%
my
72%
your
72%
And
69%
and
69%
I'm
69%
what
69%
go
66%
in
66%
In
66%
it
66%
so
66%
on
65%
that
64%
know
61%
You're
61%
"You're
61%
Was
59%
was
59%
for
58%
of
58%
they
55%
They
55%
(they
55%
could
54%
Could
54%
we're
53%
can
52%
say
52%
But
51%
but
51%
wanna
50%
just
49%
Just
49%
(just
49%
need
49%
afraid
47%
call
46%
get
46%
I'll
46%
(I'll
46%
at
45%
saw
45%
would
44%
make
40%
right
40%
right"
40%
this
40%
If
39%
all
38%
car
38%
cops
38%
life
38%
lookin'
38%
please
38%
talk
38%
you'll
38%
change
37%
leave
37%
meant
37%
time
37%
wife
37%
eat
36%
here
36%
into
36%
kiss
36%
somethin'
36%
stop
36%
back
35%
Bet
35%
bet
35%
diner
35%
with
35%
corner
34%
feet
34%
left
34%
fight
33%
kitchen
33%
over
33%
told
33%
goodnight
32%
around
31%
dreams
31%
something
31%
card
30%
now
30%
They'll
30%
tried
30%
waitin'
30%
came
29%
magazines
29%
better
28%
calling
28%
getting
28%
him
28%
block
27%
clock
27%
'til
27%
up
27%
another
26%
come
26%
easy
26%
letter
26%
letter)
26%
off
26%
read
26%
starrin'
26%
through
26%
waited
26%
hope
25%
landed
25%
screens
25%
write
25%
away
24%
crazy
24%
crazy)
24%
sitter
22%
number
21%
save
21%
couldn't
20%
knocked
20%
someone
20%
dollar
19%
dollar)
19%
thousand
19%
stopped
18%
bail
17%
bring
17%
else
17%
end
17%
failed
17%
happens
17%
jail
17%
jail)
17%
sleep
17%
mail
16%
visit
16%
(visit
16%
While
16%
discrete
15%
memorised
15%
veil
15%
veil)
15%
250
14%
(250
14%
(ah
10%
ah
10%
No matching quizzes found
Score Distribution
Percent of People with Each Score
Percentile by Number Answered
Your Score History
You have not taken this quiz